[Event "Wch Blitz (Women)"]
[Site "Almaty"]
[Date "2022.12.30"]
[Round "17"]
[White "Garifullina, Leya"]
[Black "Frayna, Janelle Mae"]
[Result "0-1"]
[WhiteElo "2231"]
[BlackElo "2306"]
[PlyCount "76"]
[EventDate "2022.12.29"]
[EventType "swiss (blitz)"]
[EventRounds "17"]
[EventCountry "KAZ"]
[SourceTitle "CBM 211 Extra"]
[Source "ChessBase"]
[SourceDate "2023.01.31"]
[SourceVersion "1"]
[SourceVersionDate "2023.01.31"]
[SourceQuality "1"]

1. e4 c6 2. d4 d5 3. e5 Bf5 4. Nf3 e6 5. Be2 c5 6. 0-0 Nc6 7. c3 h6 8. a3 Nge7 9. b4 c4 10. Nh4 g5 11. Nxf5 exf5 12. Bh5 Qd7 13. Re1 Nd8 14. Be2 Ne6 15. a4 Ng6 16. b5 0-0-0 17. Qc2 Ne7 18. Ba3 g4 19. Bxe7 Bxe7 20. Qxf5 h5 21. Bf1 Kb8 22. Na3 Rdg8 23. Qc2 h4 24. Qe2 Ng5 25. Kh1 g3 26. f3 gxh2 27. Kxh2 Ne6 28. Qe3 Bg5 29. Qe2 Bf4+ 30. Kh1 Bg3 31. Reb1 Nf4 32. Qc2 h3 33. Kg1 hxg2 34. Bxg2 Bh2+ 35. Kf1 Nxg2 36. a5 Ne3+ 37. Ke2 Nxc2 38. Nxc2 Rg2+ 0-1